000 00558nam a2200181 i 4500
001 bg
245 0 _aFunkcje nauki stosunków międzynarodowych :
_bzbiór prac /
_cpod red. Artura Bodnara.
260 _aWarszawa :
_bCentr. Ośr. Met. Studiów i Nauk. Pol.,
_c1979.
300 _as. 140 :
_brys.
500 _aDo użytku wew.
501 _aMiędzyresortowa Nauk. Bad. Grupa Tematyczna MR III 3.7.
700 1 _aBodnar, Artur.
_eRed.
040 _cBPK
041 _apol
080 _a327(100)
942 _cKS
008 s pl f |000 0 pol
999 _c20671
_d20671
856 _uhttp://koha.tu.koszalin.pl/cgi-bin/koha/opac-detail.pl?biblionumber=20671
_yKatalog online BPK